000
00285nam a2200121Ia 4500
008
191201s2012 xx 000 0 und d
100
_a
GARG, G D
245
0
_a
Text Book of Welding Technology
250
_a
Rep
260
_c
2012
_b
Kataria
_a
NEW DELHI
300
_a
364
942
_2
ddc
_c
BK
999
_c
8128
_d
8128